[Event "WJCC U20 Open 2019"]
[Site "New Delhi"]
[Date "2019.10.21"]
[Round "7.28"]
[White "Miciano, John Marvin"]
[Black "Di Benedetto, Edoardo"]
[Result "0-1"]
[WhiteElo "2345"]
[BlackElo "2401"]
[Annotator "NA"]
[PlyCount "82"]
[EventDate "2019.10.15"]
[EventType "swiss"]
[EventCountry "IND"]
[SourceTitle "playchess.com"]
[Source "ChessBase"]
[SourceQuality "1"]
[TimeControl "40/5400+30:1800+30"]

1. Nf3 {[%emt 0:00:00]} d5 {[%emt 0:00:00]} 2. g3 c5 {[%emt 0:00:20]} 3. Bg2 {[%emt 0:00:25]} Nc6 {[%emt 0:00:18]} 4. O-O {[%emt 0:01:06]} Nf6 {[%emt 0:00:27]} 5. d3 {[%emt 0:02:54]} Bg4 {[%emt 0:09:50]} 6. c3 {[%emt 0:01:09]} e6 {[%emt 0:00:25]} 7. a3 {[%emt 0:00:55]} a5 {[%emt 0:05:22]} 8. a4 {[%emt 0:03:49]} Be7 {[%emt 0:00:42]} 9. Qb3 {[%emt 0:07:21]} Qd7 {[%emt 0:02:43]} 10. Nbd2 {[%emt 0:01:33]} O-O {[%emt 0:00:28]} 11. Re1 {[%emt 0:00:39]} Rfd8 {[%emt 0:09:45]} 12. h3 {[%emt 0:09:35]} Bh5 {[%emt 0:00:18]} 13. e4 {[%emt 0:04:51]} c4 {[%emt 0:06:56]} 14. dxc4 {[%emt 0:03:52]} dxe4 {[%emt 0:00:34]} 15. Nxe4 {[%emt 0:10:16]} Nxe4 {[%emt 0:00:25]} 16. Rxe4 {[%emt 0:00:07]} Qd1+ {[%emt 0:00:20]} 17. Qxd1 {[%emt 0:00:09]} Rxd1+ {[%emt 0:00:05]} 18. Ne1 {[%emt 0:04:50]} Rad8 {[%emt 0:17:45]} 19. Bf1 {[%emt 0:28:55]} f5 {[%emt 0:00:57]} 20. Rxe6 {[%emt 0:00:07]} Kf7 {[%emt 0:00:06]} 21. Re3 {[%emt 0:00:06]} Bc5 {[%emt 0:00:08]} 22. Nc2 {[%emt 0:00:16]} Bxe3 {[%emt 0:02:07]} 23. Nxe3 {[%emt 0:00:03]} Be2 {[%emt 0:01:46]} 24. Kg2 {[%emt 0:00:29]} Bxf1+ {[%emt 0:03:59]} 25. Nxf1 {[%emt 0:00:03]} g5 {[%emt 0:11:50]} 26. Ne3 {[%emt 0:01:25]} Re1 {[%emt 0:00:10]} 27. Nc2 {[%emt 0:04:47]} Re2 {[%emt 0:00:05]} 28. Ne3 {[%emt 0:00:31]} f4 {[%emt 0:01:50]} 29. gxf4 {[%emt 0:01:17]} gxf4 {[%emt 0:00:09]} 30. Kf3 {[%emt 0:00:08]} Re1 {[%emt 0:01:23]} 31. Kxf4 {[%emt 0:00:15]} Rg8 {[%emt 0:04:17]} 32. Nf5 {[%emt 0:03:19]} Rgg1 {[%emt 0:00:21]} 33. Ra3 {[%emt 0:00:08]} Rxc1 {[%emt 0:00:07]} 34. Rb3 {[%emt 0:00:06]} Nd8 {[%emt 0:00:31]} 35. Nd6+ {[%emt 0:01:07]} Kf6 {[%emt 0:00:18]} 36. Nxb7 {[%emt 0:01:12]} Ne6+ {[%emt 0:00:38]} 37. Ke3 {[%emt 0:01:04]} Rcd1 {[%emt 0:01:20]} 38. h4 {[%emt 0:02:14]} Rge1+ {[%emt 0:00:18]} 39. Kf3 {[%emt 0:00:03]} Rd3+ {[%emt 0:00:11]} 40. Kg2 {[%emt 0:00:17]} Nf4+ {[%emt 0:00:04]} 41. Kh2 {[%emt 0:30:03]} Rh3# {[%emt 0:30:04]} 0-1

[Event "WJCC U20 Open 2019"]
[Site "New Delhi"]
[Date "2019.10.21"]
[Round "7.29"]
[White "Lobanov, Sergei"]
[Black "Risting, Eivind Olav"]
[Result "1-0"]
[WhiteElo "2516"]
[BlackElo "2289"]
[Annotator "TA"]
[PlyCount "61"]
[EventDate "2019.10.15"]
[EventType "swiss"]
[EventCountry "IND"]
[SourceTitle "playchess.com"]
[Source "ChessBase"]
[SourceQuality "1"]

{[%evp 19,61,7,29,8,36,-4,127,125,127,127,136,137,148,138,137,129,134,143,223,234,243,238,291,275,277,283,279,278,335,330,331,311,368,326,400,408,409,412,474,474,466,458,497,481]} 1. c4 e5 2. Nc3 Nf6 3. g3 d5 4. cxd5 Nxd5 5. Bg2 Nb6 6. Nf3 Nc6 7. O-O Be7 8. a3 O-O 9. b4 Be6 10. d3 f5 11. b5 {A29: English Opening: Four Knights Variation with 4 g3} Nd4 12. Nd2 Nd5 $146 (12... c6 $11 {keeps the balance.}) ({Predecessor:} 12... c6 13. bxc6 Nxc6 14. Bb2 Rc8 15. a4 Bb4 16. Nb3 e4 17. a5 Nd5 18. Nxd5 Qxd5 {1-0 (29) Xu,Y (2541)-Liu,G (2432) Daqing 2018}) 13. Bxd5 $1 $16 {White is better.} Bxd5 14. e3 $1 Bf7 ({Don't go for} 14... Ne6 $2 15. e4 $18) 15. exd4 Qxd4 {[#]} 16. Bb2 $1 Qxd3 17. Nf3 Qxd1 18. Nxd1 Bc4 {[#]} (18... e4 $16 {keeps fighting.}) 19. Re1 $1 $18 ({Less strong is} 19. Nxe5 Bxf1 20. Kxf1 f4 $14) 19... e4 20. Nd4 Bf6 21. Nxf5 Bxb5 {With the idea ...Bxb2.} 22. Bxf6 Rxf6 23. Ne7+ Kf7 24. Nd5 ({Don't take} 24. Rxe4 Re8 $18) 24... Rc6 25. Rxe4 Rd8 26. N1e3 Rc5 27. Re7+ Kf8 28. Rxc7 Rdxd5 29. Nxd5 {White is clearly winning.} Rxd5 30. Rxb7 a5 31. f4 {Accuracy: White = 85%, Black = 36%.} 1-0

[Event "WJCC U20 Open 2019"]
[Site "New Delhi"]
[Date "2019.10.21"]
[Round "7.30"]
[White "Batsuren, Dambasuren"]
[Black "Donoso Diaz, Sebastian"]
[Result "1-0"]
[WhiteElo "2454"]
[BlackElo "2203"]
[Annotator "ChessBase"]
[PlyCount "75"]
[EventDate "2019.10.15"]
[EventType "swiss"]
[EventCountry "IND"]
[SourceTitle "playchess.com"]
[Source "ChessBase"]
[SourceQuality "1"]
[TimeControl "40/5400+30:1800+30"]

1. d4 {[%emt 0:00:00]} d5 {[%emt 0:00:00]} 2. Nf3 {[%emt 0:00:00]} Nf6 {[%emt 0:00:00]} 3. g3 {[%emt 0:00:00]} b5 {[%emt 0:00:36]} 4. Bg2 {[%emt 0:01:37]} e6 {[%emt 0:00:05]} 5. O-O {[%emt 0:00:13]} Be7 {[%emt 0:02:45]} 6. Qd3 {[%emt 0:09:05]} Ba6 {[%emt 0:08:33]} 7. Ne5 {[%emt 0:02:49]} O-O {[%emt 0:02:57]} 8. a3 {[%emt 0:10:52]} Ne8 {[%emt 0:20:09]} 9. Nd2 {[%emt 0:05:32]} b4 {[%emt 0:09:07]} 10. Qe3 {[%emt 0:06:25]} Nd6 {[%emt 0:10:37]} 11. g4 {[%emt 0:02:09]} bxa3 {[%emt 0:04:59]} 12. b3 {[%emt 0:00:06]} Bb7 {[%emt 0:03:35]} 13. Bxa3 {[%emt 0:00:20]} Nd7 {[%emt 0:01:16]} 14. f4 {[%emt 0:05:04]} Re8 {[%emt 0:02:59]} 15. c4 {[%emt 0:02:24]} Nf8 {[%emt 0:02:11]} 16. Rfc1 {[%emt 0:01:56]} Rb8 {[%emt 0:06:15]} 17. Nd3 {[%emt 0:04:28]} h5 {[%emt 0:04:11]} 18. h3 {[%emt 0:00:57]} Nh7 {[%emt 0:01:11]} 19. Bxd6 {[%emt 0:07:32]} cxd6 {[%emt 0:00:18]} 20. Rxa7 {[%emt 0:00:49]} Bf6 {[%emt 0:01:04]} 21. c5 {[%emt 0:02:59]} hxg4 {[%emt 0:03:06]} 22. hxg4 {[%emt 0:00:27]} dxc5 {[%emt 0:01:03]} 23. dxc5 {[%emt 0:00:39]} Bc6 {[%emt 0:02:30]} 24. g5 {[%emt 0:04:09]} Nxg5 {[%emt 0:01:51]} 25. fxg5 {[%emt 0:00:32]} Bxg5 {[%emt 0:00:04]} 26. Qf2 {[%emt 0:02:50]} f5 {[%emt 0:00:23]} 27. Rd1 {[%emt 0:07:21]} Re7 {[%emt 0:01:50]} 28. Rxe7 {[%emt 0:01:47]} Qxe7 {[%emt 0:00:02]} 29. Nf3 {[%emt 0:01:25]} Bf6 {[%emt 0:00:24]} 30. Nd4 {[%emt 0:06:09]} Bxd4 {[%emt 0:06:06]} 31. Qxd4 {[%emt 0:00:16]} Rxb3 {[%emt 0:00:48]} 32. Ra1 {[%emt 0:00:44]} Qg5 {[%emt 0:00:58]} 33. Qe5 {[%emt 0:02:12]} Qh6 {[%emt 0:00:45]} 34. Nf4 {[%emt 0:00:14]} Kh8 {[%emt 0:01:22]} 35. Nxe6 {[%emt 0:05:56]} Re3 {[%emt 0:00:08]} 36. Qb8+ {[%emt 0:00:14]} Kh7 {[%emt 0:00:04]} 37. Nd4 {[%emt 0:00:26]} Re8 {[%emt 0:01:17]} 38. Qh2 {[%emt 0:00:07]} 1-0

[Event "WJCC U20 Open 2019"]
[Site "New Delhi"]
[Date "2019.10.21"]
[Round "7.31"]
[White "Tica, Sven"]
[Black "Papadiamandis, Elliot"]
[Result "1/2-1/2"]
[WhiteElo "2418"]
[BlackElo "2190"]
[Annotator "NA"]
[PlyCount "76"]
[EventDate "2019.10.15"]
[EventType "swiss"]
[EventCountry "IND"]
[SourceTitle "playchess.com"]
[Source "ChessBase"]
[SourceQuality "1"]
[TimeControl "40/5400+30:1800+30"]

1. Nf3 {[%emt 0:00:00]} Nf6 {[%emt 0:00:00]} 2. g3 {[%emt 0:00:00]} g6 {[%emt 0:00:00]} 3. b3 {[%emt 0:00:00]} Bg7 {[%emt 0:00:01]} 4. Bb2 {[%emt 0:00:00]} d5 {[%emt 0:00:09]} 5. c4 {[%emt 0:00:07]} dxc4 {[%emt 0:00:41]} 6. bxc4 {[%emt 0:00:06]} c5 {[%emt 0:00:18]} 7. Bg2 {[%emt 0:00:06]} O-O {[%emt 0:00:11]} 8. O-O {[%emt 0:00:06]} Nc6 {[%emt 0:00:21]} 9. d3 {[%emt 0:00:07]} Re8 {[%emt 0:04:37]} 10. Nc3 {[%emt 0:06:49]} Bd7 {[%emt 0:05:30]} 11. Qd2 {[%emt 0:06:04]} Rc8 {[%emt 0:07:45]} 12. Rfd1 {[%emt 0:12:32]} b6 {[%emt 0:07:43]} 13. h3 {[%emt 0:04:33]} Qc7 {[%emt 0:03:41]} 14. e3 {[%emt 0:07:22]} Red8 {[%emt 0:02:30]} 15. Qe2 {[%emt 0:02:51]} Na5 {[%emt 0:03:53]} 16. Rac1 {[%emt 0:03:29]} a6 {[%emt 0:05:12]} 17. e4 {[%emt 0:06:34]} e5 {[%emt 0:09:20]} 18. Nd5 {[%emt 0:03:05]} Nxd5 {[%emt 0:00:36]} 19. exd5 {[%emt 0:00:20]} Re8 {[%emt 0:01:47]} 20. Re1 {[%emt 0:02:02]} f6 {[%emt 0:03:02]} 21. g4 {[%emt 0:06:41]} Re7 {[%emt 0:05:23]} 22. g5 {[%emt 0:00:36]} Rce8 {[%emt 0:03:47]} 23. gxf6 {[%emt 0:02:48]} Bxf6 {[%emt 0:00:13]} 24. Nd2 {[%emt 0:02:45]} Nb7 {[%emt 0:02:17]} 25. Ne4 {[%emt 0:05:45]} Bg7 {[%emt 0:01:18]} 26. Rb1 {[%emt 0:01:07]} Nd6 {[%emt 0:03:51]} 27. Bc1 {[%emt 0:00:15]} Bf5 {[%emt 0:06:38]} 28. Bg5 {[%emt 0:02:37]} Rf7 {[%emt 0:00:20]} 29. Ng3 {[%emt 0:01:21]} Bd7 {[%emt 0:01:18]} 30. Qb2 {[%emt 0:05:07]} b5 {[%emt 0:02:15]} 31. cxb5 {[%emt 0:01:13]} axb5 {[%emt 0:00:41]} 32. Qc2 {[%emt 0:00:40]} Rc8 {[%emt 0:01:28]} 33. Rec1 {[%emt 0:00:25]} c4 {[%emt 0:03:20]} 34. dxc4 {[%emt 0:01:35]} bxc4 {[%emt 0:00:43]} 35. Be3 {[%emt 0:00:47]} Qa5 {[%emt 0:00:49]} 36. Bd2 {[%emt 0:01:31]} Qa7 {[%emt 0:00:30]} 37. Be3 {[%emt 0:00:39]} Qa5 {[%emt 0:00:40]} 38. Bd2 {[%emt 0:03:34]} Qa7 {[%emt 0:00:20]} 1/2-1/2

[Event "WJCC U20 Open 2019"]
[Site "New Delhi"]
[Date "2019.10.21"]
[Round "7.32"]
[White "Dobrovoljc, Vid"]
[Black "Flores Quillas, Diego Saul Rodri"]
[Result "1-0"]
[WhiteElo "2389"]
[BlackElo "2164"]
[Annotator "NA"]
[PlyCount "113"]
[EventDate "2019.10.15"]
[EventType "swiss"]
[EventCountry "IND"]
[SourceTitle "playchess.com"]
[Source "ChessBase"]
[SourceQuality "1"]
[TimeControl "40/5400+30:1800+30"]

1. e4 {[%emt 0:00:00]} c5 {[%emt 0:00:00]} 2. Nf3 {[%emt 0:00:00]} e6 {[%emt 0:00:00]} 3. d4 {[%emt 0:00:00]} cxd4 {[%emt 0:00:00]} 4. Nxd4 {[%emt 0:00:00]} Nf6 {[%emt 0:00:00]} 5. Nc3 {[%emt 0:00:05]} d6 {[%emt 0:00:03]} 6. g4 {[%emt 0:01:10]} h6 {[%emt 0:00:05]} 7. h4 {[%emt 0:00:39]} Nc6 {[%emt 0:00:20]} 8. Rg1 {[%emt 0:00:31]} d5 {[%emt 0:00:10]} 9. exd5 {[%emt 0:00:26]} Nxd5 {[%emt 0:00:11]} 10. Nxd5 {[%emt 0:00:24]} exd5 {[%emt 0:00:13]} 11. Be3 {[%emt 0:00:18]} Qxh4 {[%emt 0:00:15]} 12. Qe2 {[%emt 0:00:50]} Be7 {[%emt 0:53:03]} 13. O-O-O {[%emt 0:02:36]} O-O {[%emt 0:04:47]} 14. Nf3 {[%emt 0:01:27]} Bxg4 {[%emt 0:02:23]} 15. Nxh4 {[%emt 0:21:55]} Bxe2 {[%emt 0:00:06]} 16. Bxe2 {[%emt 0:03:38]} Bxh4 {[%emt 0:00:18]} 17. Bxh6 {[%emt 0:01:33]} Bf6 {[%emt 0:00:06]} 18. Rxd5 {[%emt 0:01:33]} Rfe8 {[%emt 0:03:06]} 19. Bxg7 {[%emt 0:08:05]} Bxg7 {[%emt 0:00:12]} 20. Rdg5 {[%emt 0:00:09]} Kf8 {[%emt 0:05:27]} 21. Rxg7 {[%emt 0:00:22]} Rxe2 {[%emt 0:07:23]} 22. Rg8+ {[%emt 0:00:56]} Ke7 {[%emt 0:00:05]} 23. Rxa8 {[%emt 0:00:07]} Rxf2 {[%emt 0:00:19]} 24. c3 {[%emt 0:11:26]} Kd7 {[%emt 0:00:40]} 25. Rd1+ {[%emt 0:01:09]} Kc7 {[%emt 0:01:38]} 26. Re8 {[%emt 0:00:16]} a5 {[%emt 0:06:17]} 27. Ree1 {[%emt 0:03:22]} Rh2 {[%emt 0:05:37]} 28. Rf1 {[%emt 0:05:46]} Ne5 {[%emt 0:01:14]} 29. Rd5 {[%emt 0:03:01]} Rh5 {[%emt 0:01:12]} 30. Rxf7+ {[%emt 0:09:57]} Kc6 {[%emt 0:00:37]} 31. Rfd7 {[%emt 0:00:10]} Rh6 {[%emt 0:01:29]} 32. Rxe5 {[%emt 0:03:00]} Kxd7 {[%emt 0:00:03]} 33. Rxa5 {[%emt 0:00:07]} Rh1+ {[%emt 0:00:32]} 34. Kc2 {[%emt 0:00:11]} Kc6 {[%emt 0:00:03]} 35. Rg5 {[%emt 0:00:07]} Rh2+ {[%emt 0:00:10]} 36. Kb3 {[%emt 0:00:05]} Rf2 {[%emt 0:00:08]} 37. Rh5 {[%emt 0:00:17]} Rg2 {[%emt 0:00:27]} 38. a4 {[%emt 0:00:07]} Rf2 {[%emt 0:00:27]} 39. Ka3 {[%emt 0:00:33]} Rc2 {[%emt 0:00:11]} 40. Rh6+ {[%emt 0:00:17]} Kc5 {[%emt 0:00:15]} 41. a5 {[%emt 0:35:23]} Kb5 {[%emt 0:30:04]} 42. Rb6+ {[%emt 0:00:18]} Kxa5 {[%emt 0:00:04]} 43. Rxb7 {[%emt 0:00:06]} Rh2 {[%emt 0:00:32]} 44. b4+ {[%emt 0:00:45]} Ka6 {[%emt 0:00:04]} 45. Rg7 {[%emt 0:00:08]} Kb6 {[%emt 0:00:11]} 46. c4 {[%emt 0:00:31]} Rh1 {[%emt 0:00:08]} 47. Rg6+ {[%emt 0:00:09]} Kb7 {[%emt 0:00:04]} 48. Ka4 {[%emt 0:00:08]} Rh5 {[%emt 0:00:08]} 49. Rg7+ {[%emt 0:00:25]} Kc6 {[%emt 0:00:18]} 50. Rg6+ {[%emt 0:01:12]} Kb7 {[%emt 0:00:05]} 51. c5 {[%emt 0:00:18]} Rh4 {[%emt 0:00:10]} 52. Ka5 {[%emt 0:00:45]} Rh7 {[%emt 0:00:27]} 53. b5 {[%emt 0:01:22]} Kb8 {[%emt 0:00:06]} 54. c6 {[%emt 0:03:51]} Ra7+ {[%emt 0:00:03]} 55. Kb6 {[%emt 0:00:14]} Rb7+ {[%emt 0:00:03]} 56. Kc5 {[%emt 0:00:06]} Rh7 {[%emt 0:00:38]} 57. Rg8+ {[%emt 0:00:07]} 1-0

[Event "WJCC U20 Open 2019"]
[Site "New Delhi"]
[Date "2019.10.21"]
[Round "7.32"]
[White "Dobrovoljc, Vid"]
[Black "Flores Quillas, Diego Saul Rodri"]
[Result "*"]
[WhiteElo "2389"]
[BlackElo "2164"]
[Annotator "TA"]
[PlyCount "33"]
[EventDate "2019.10.15"]
[EventType "swiss"]
[EventCountry "IND"]
[SourceTitle "playchess.com"]
[Source "ChessBase"]
[SourceQuality "1"]

{[%evp 16,23,57,55,43,51,47,51,54,18]} 1. e4 c5 2. Nf3 e6 3. d4 cxd4 4. Nxd4 Nf6 5. Nc3 d6 6. g4 h6 7. h4 Nc6 8. Rg1 d5 9. exd5 {White is slightly better.} Nxd5 {B81: Sicilian Scheveningen: Keres Attack} 10. Nxd5 exd5 11. Be3 Qxh4 12. Qe2 (12. Qf3 Nxd4 13. Bxd4 Qe7+ 14. Be2 Qe4 15. O-O-O Qxf3 16. Bxf3 Be6 17. Rge1 {½-½ (27) Vallejo Pons,F (2687)-Yu,Y (2736) Changsha 2019}) {Predecessor:} 12... Nxd4 $146 13. Bxd4+ Qe7 14. Qxe7+ Bxe7 15. Bxg7 Rg8 16. Bxh6 Rxg4 17. Bb5+ {½-½ (56) Santos Latasa,J (2594)-Ftacnik,L (2513) Evora 2019} *

[Event "WJCC U20 Open 2019"]
[Site "New Delhi"]
[Date "2019.10.21"]
[Round "7.33"]
[White "Nitish Belurkar"]
[Black "Rakesh Kumar Jena"]
[Result "1-0"]
[WhiteElo "2311"]
[BlackElo "2355"]
[Annotator "NA"]
[PlyCount "77"]
[EventDate "2019.10.15"]
[EventType "swiss"]
[EventCountry "IND"]
[SourceTitle "playchess.com"]
[Source "ChessBase"]
[SourceQuality "1"]
[TimeControl "40/5400+30:1800+30"]

1. e4 {[%emt 0:00:00]} c5 {[%emt 0:00:00]} 2. Nf3 {[%emt 0:00:00]} Nc6 {[%emt 0:00:10]} 3. d4 {[%emt 0:00:07]} cxd4 {[%emt 0:00:06]} 4. Nxd4 {[%emt 0:00:03]} Nf6 {[%emt 0:00:05]} 5. Nc3 {[%emt 0:00:07]} d6 {[%emt 0:00:05]} 6. Bg5 {[%emt 0:02:12]} e6 {[%emt 0:00:12]} 7. Qd2 {[%emt 0:00:34]} Be7 {[%emt 0:00:28]} 8. O-O-O {[%emt 0:00:58]} a6 {[%emt 0:00:19]} 9. f4 {[%emt 0:00:35]} Bd7 {[%emt 0:00:34]} 10. Nf3 {[%emt 0:00:35]} b5 {[%emt 0:00:22]} 11. Bd3 {[%emt 0:01:04]} h6 {[%emt 0:16:42]} 12. Bxf6 {[%emt 0:03:06]} gxf6 {[%emt 0:00:37]} 13. Kb1 {[%emt 0:06:39]} Qb6 {[%emt 0:03:43]} 14. f5 {[%emt 0:11:28]} O-O-O {[%emt 0:01:53]} 15. Ne2 {[%emt 0:05:43]} Kb8 {[%emt 0:09:53]} 16. Nf4 {[%emt 0:07:09]} Ne5 17. h4 {[%emt 0:07:48]} Rhg8 {[%emt 0:07:16]} 18. h5 {[%emt 0:04:43]} Rg3 {[%emt 0:33:51]} 19. fxe6 {[%emt 0:14:29]} fxe6 {[%emt 0:00:34]} 20. Be2 {[%emt 0:02:01]} Bc8 {[%emt 0:19:59]} 21. Qe1 {[%emt 0:05:49]} Rg7 {[%emt 0:00:26]} 22. Nd4 {[%emt 0:00:55]} d5 {[%emt 0:00:33]} 23. exd5 {[%emt 0:00:24]} exd5 {[%emt 0:00:02]} 24. Bf3 {[%emt 0:07:48]} Bc5 {[%emt 0:01:05]} 25. Nb3 {[%emt 0:00:50]} Nxf3 {[%emt 0:01:08]} 26. gxf3 {[%emt 0:00:05]} Bf2 {[%emt 0:00:40]} 27. Qf1 {[%emt 0:01:56]} Bb7 {[%emt 0:01:34]} 28. Ne6 {[%emt 0:00:58]} Qxe6 {[%emt 0:00:05]} 29. Qxf2 {[%emt 0:00:03]} Qd6 {[%emt 0:00:37]} 30. Nd4 {[%emt 0:00:22]} Rg5 {[%emt 0:01:19]} 31. f4 {[%emt 0:09:40]} Rg4 {[%emt 0:00:28]} 32. f5 {[%emt 0:00:18]} Rdg8 {[%emt 0:00:18]} 33. Qd2 {[%emt 0:01:14]} Qf4 {[%emt 0:00:39]} 34. Qa5 {[%emt 0:01:10]} Qe5 {[%emt 0:00:28]} 35. Qb6 {[%emt 0:00:53]} Rc8 {[%emt 0:00:38]} 36. Rhe1 {[%emt 0:00:14]} Re4 {[%emt 0:00:08]} 37. Rg1 {[%emt 0:00:07]} Qe7 {[%emt 0:00:54]} 38. Rg8 {[%emt 0:02:18]} Qf7 {[%emt 0:00:36]} 39. Nc6+ {[%emt 0:00:06]} 1-0

[Event "WJCC U20 Open 2019"]
[Site "New Delhi"]
[Date "2019.10.21"]
[Round "7.34"]
[White "Milikow, Yoav"]
[Black "O`Donnell, Conor"]
[Result "1-0"]
[WhiteElo "2199"]
[BlackElo "2345"]
[Annotator "TA"]
[PlyCount "109"]
[EventDate "2019.10.15"]
[EventType "swiss"]
[EventCountry "IND"]
[SourceTitle "playchess.com"]
[Source "ChessBase"]
[SourceQuality "1"]

{[%evp 14,109,24,-5,0,0,0,0,0,0,0,0,0,0,1,10,10,0,8,-61,-48,-46,25,-50,-36,-95,-105,-102,-100,-106,-102,-102,-102,-140,-140,-143,-141,-174,-113,-167,0,-242,-266,-260,-139,-748,-214,-245,-231,-226,-195,-206,-191,-193,-184,-177,-72,-198,-41,-29,-22,-52,-52,-51,-38,-44,-44,-63,-36,-72,0,-23,-27,-20,147,124,139,12,161,155,197,122,115,109,155,83,155,143,775,745,1150,979,29976,29978,29979,29980,29980,29981]} 1. d4 d5 2. c4 e6 3. Nc3 Be7 4. cxd5 exd5 5. Bf4 c6 6. e3 Bf5 7. g4 Be6 8. h3 Nd7 {D31: Queen's Gambit Declined: Semi-Slav without ...Nf6 (+ Marshall Gambit and Noteboom) and Exchange Variation lines without ...Nf6} 9. Bd3 h5 10. gxh5 Ngf6 {The position is equal.} (10... Ndf6 11. h6 Nxh6 12. Qc2 Qd7 13. Nf3 Bf5 14. Ne5 Bxd3 15. Nxd3 Nh5 16. Bh2 Qxh3 {½-½ (32) Radjabov,T (2757)-Giri,A (2783) Wijk aan Zee 2019}) 11. h6 g6 $1 12. Qc2 Nh5 13. Bh2 Rxh6 14. O-O-O Kf8 $146 ({Predecessor:} 14... Ndf6 15. Nf3 Ne4 16. Rdg1 {½-½ (30) Dunlop,G (2503)-Malchev,E (2394) ICCF email 2016}) 15. Kb1 Rc8 16. e4 ({White should play} 16. Nge2 $11) 16... dxe4 $15 17. Nxe4 Ndf6 (17... Qa5 $15 18. b3 Re8) 18. Ne2 (18. Qc1 $11 Rh8 19. Ng5) 18... Qa5 19. N2c3 (19. a3 $15) 19... Nxe4 $17 20. Bxe4 Nf6 (20... Bxh3 $6 21. d5 $14) 21. f3 Nd5 (21... Rxh3 $6 22. Be5 $11) 22. Bxd5 cxd5 23. Qd2 Rh5 24. Rc1 Rc6 (24... Rxh3 25. Bg3 $1 $17 {[%mdl 512]}) 25. Be5 Ra6 (25... b5 $19 26. h4 Bxh4) 26. Qh2 (26. Qe2 $17) 26... Rc6 $2 (26... Bxh3 27. Ka1 $15) (26... Rxh3 27. Qg2 $11) (26... b5 $19 27. Bc7 Qb4) 27. Ne2 $2 (27. Qd2 $1 $11 {and White has nothing to worry.}) 27... Rxh3 $19 (27... Bf5+ 28. Ka1) 28. Qf4 Ke8 (28... Rxh1 $19 29. Rxh1 f6 $1 {[%mdl 512]} 30. Qh6+ Ke8) 29. Nc3 $2 {[%mdl 8192]} (29. Qe3 $17) 29... f6 $2 (29... Rxh1 30. Rxh1 Rxc3) 30. Rxh3 Bxh3 31. Bb8 Kd7 32. Ka1 Bf5 33. Qe3 g5 34. Bg3 Be6 (34... Bb4 $19 35. Bf2 (35. Re1 $2 Re6 $19) 35... Ra6) 35. Rh1 (35. f4 $17 {might work better.}) 35... Qd8 $2 (35... b5 $1 $19 36. Qd3 b4) 36. f4 Qg8 37. Qd3 gxf4 38. Bxf4 Qg4 39. Bb8 a6 40. Re1 Rc4 41. Ba7 ({Not} 41. Qh7 $2 Qxd4 42. Qc2 Bb4 $19) 41... b5 (41... f5 $17 42. Bc5 (42. Qe3 $2 f4 $19) 42... Bh4) 42. b3 Rc6 {White must now prevent ...Bb4.} 43. Bc5 $1 Rxc5 $2 (43... Qh4 $11 44. Rd1 f5 45. Bxe7 Kxe7) 44. dxc5 $16 Bxc5 {[#]} 45. Rd1 (45. Ne4 $1 $16 {[%cal Re4f6]} Be7 46. Qd4) 45... d4 (45... Qh5 $11) 46. Ne4 $18 {[%mdl 64] Double Attack} Be7 {[#]} 47. Qxd4+ (47. Rf1 $1 $18 f5 48. Qxd4+ Kc6 49. Rc1+ Kb7 50. Nd6+ Bxd6 51. Qxd6 Qg7+ 52. Kb1) 47... Ke8 $16 48. Re1 $36 {[%mdl 2048] Keeping Black busy.} Kf8 49. Qc3 (49. Qb6 $142 {Nf2 is the strong threat.} Bc8 50. Nxf6) 49... b4 ({Better is} 49... Qf5) 50. Qe3 {And now Nf2! would win.} f5 $2 {[%mdl 8192]} (50... Qf5 $16) 51. Nc5 $18 {[%mdl 64] Double Attack, Discovered Attack} Bf6+ 52. Kb1 Bd5 53. Nd7+ {[%mdl 64] Double Attack. White mates.} Kf7 54. Qe8+ Kg7 55. Qf8+ {[%mdl 64] Double Attack. Accuracy: White = 41%, Black = 36%.} 1-0

[Event "WJCC U20 Open 2019"]
[Site "New Delhi"]
[Date "2019.10.21"]
[Round "7.35"]
[White "Jablonicky, Martin"]
[Black "Licheli, Luka"]
[Result "1/2-1/2"]
[WhiteElo "2333"]
[BlackElo "2010"]
[Annotator "NA"]
[PlyCount "137"]
[EventDate "2019.10.15"]
[EventType "swiss"]
[EventCountry "IND"]
[SourceTitle "playchess.com"]
[Source "ChessBase"]
[SourceQuality "1"]
[TimeControl "40/5400+30:1800+30"]

1. Nf3 Nf6 2. g3 b6 3. Bg2 Bb7 4. O-O g6 5. c4 Bg7 6. Nc3 O-O 7. d3 d5 8. Bd2 dxc4 9. dxc4 Ne4 10. Nxe4 Bxe4 11. Qc1 c5 12. Rd1 Nc6 13. Bh6 Qc7 14. Bxg7 Kxg7 15. Qe3 Bxf3 16. Bxf3 Rad8 17. Bxc6 Qxc6 18. Qxe7 Rde8 19. Qd7 Qxd7 20. Rxd7 Rxe2 21. b3 Ra8 22. Kf1 Rb2 23. Re1 a5 24. Ree7 Rf8 25. Rb7 Rxa2 26. Rxb6 a4 27. Rc7 Rb2 28. Rbb7 Rxb3 29. Ra7 a3 30. Rxc5 Rc3 31. Rcc7 h5 32. Kg2 g5 33. h3 Kg6 34. Rc6+ f6 35. Rcc7 Rg8 36. g4 hxg4 37. hxg4 Rd3 38. c5 Rc3 39. Rab7 a2 40. Ra7 Rc2 41. Kf3 Rb2 42. Ke3 Rb3+ 43. Kd4 Rb2 44. f3 Rf2 45. c6 f5 46. Rd7 Rd2+ 47. Kc5 Rc2+ 48. Kb6 fxg4 49. fxg4 Rb2+ 50. Kc7 Rg7 51. Rxg7+ Kxg7 52. Kc8+ Kf6 53. Ra5 Rc2 54. c7 Kg6 55. Kd7 Rd2+ 56. Ke7 Rc2 57. Ra6+ Kg7 58. Kd8 Rd2+ 59. Kc8 Rb2 60. Ra7 Kg6 61. Kd8 Rd2+ 62. Ke7 Rc2 63. Ra6+ Kg7 64. Kd6 Rd2+ 65. Ke5 Rc2 66. Rxa2 Rxc7 67. Kf5 Rc5+ 68. Ke4 Rc4+ 69. Kf3 1/2-1/2